| 000 | 01233nam a22003135a 4500 | ||
|---|---|---|---|
| 003 | EG-ScBUE | ||
| 005 | 20220517093818.0 | ||
| 008 | 100920t2003 stka f d 001 0 eng d | ||
| 020 | _a1842051881 | ||
| 020 | _a9781842051887 | ||
| 040 |
_aEG-ScBUE _beng _erda _cEG-ScBUE _dEG-ScBUE |
||
| 082 | 0 | 4 |
_a423 _bWEB _222 |
| 245 | 0 | 0 | _aWebster's universal dictionary & thesaurus. |
| 246 | 3 | 0 | _aUniversal dictionary and thesaurus |
| 264 | 1 |
_aNew Lanark, Scotland : _bGeddes and Grosset, _c2003. |
|
| 300 |
_a960, 48 pages : _billustrations ; _c29 cm |
||
| 336 |
_2rdacontent _atext _btxt |
||
| 337 |
_2rdamedia _aunmediated _bn |
||
| 338 |
_2rdacarrier _avolume _bnc |
||
| 500 | _aIncludes index. | ||
| 500 | _aIncludes appendix. | ||
| 520 | _aEnglish dictionary with over 100,000 definitions and thesaurus with over 100,000 synonyms. Also grammar and usage guide. Has phrasefinder of over 4.500 English idioms, world facts and figures, leaders of the modern world and color maps of the world. | ||
| 650 | 7 |
_aEnglish language _vDictionaries. _2BUEsh _919600 |
|
| 650 | 7 |
_aEnglish language _xSynonyms and antonyms. _2BUEsh _919528 |
|
| 651 | _2BUEsh | ||
| 653 |
_cAugust2018 _bHHUUEENN |
||
| 655 |
_vReading book _934232 |
||
| 942 |
_2ddc _cBB |
||
| 999 |
_c3657 _d3657 |
||